000
00314nam a22001457a 4500
003
SGT
020
_a
9789393702746
082
_a
346.03
_b
GOU
100
_a
GOUDKAMP JAMES
245
_a
WINFIELD & JOLOWICZ ON TORT
250
_a
20
260
_a
LONDON
_b
SWEET & MAXWELL
_c
2022
300
_a
804
942
_2
ddc
_c
BK
999
_c
34436
_d
34436